<?xml version="1.0" encoding="UTF-8"?>
<record
    xmlns:xsi="http://www.w3.org/2001/XMLSchema-instance"
    xsi:schemaLocation="http://www.loc.gov/MARC21/slim http://www.loc.gov/standards/marcxml/schema/MARC21slim.xsd"
    xmlns="http://www.loc.gov/MARC21/slim">

  <leader>00621nam a2200157   4500</leader>
  <datafield tag="082" ind1=" " ind2=" ">
    <subfield code="a">BSCS-3 ALE</subfield>
  </datafield>
  <datafield tag="100" ind1=" " ind2=" ">
    <subfield code="a">Syed Abdul Aleem Shah | Hussain Abid | Muhammad Nouman Ahmad</subfield>
  </datafield>
  <datafield tag="245" ind1=" " ind2=" ">
    <subfield code="a">SafeRoads: A non-intrusive mobile vision based framework for ensuring road safety &amp; driving behavior Monitoring system</subfield>
  </datafield>
  <datafield tag="260" ind1=" " ind2=" ">
    <subfield code="a">Islamabad</subfield>
    <subfield code="b">NUST-SEECS</subfield>
    <subfield code="c">2017</subfield>
  </datafield>
  <datafield tag="300" ind1=" " ind2=" ">
    <subfield code="a">p.v.</subfield>
    <subfield code="e">CD Includes</subfield>
  </datafield>
  <datafield tag="563" ind1=" " ind2=" ">
    <subfield code="a">HB</subfield>
  </datafield>
  <datafield tag="856" ind1=" " ind2=" ">
    <subfield code="u">http://10.250.8.41:8080/xmlui/handle/123456789/28734</subfield>
  </datafield>
  <datafield tag="942" ind1=" " ind2=" ">
    <subfield code="2">ddc</subfield>
    <subfield code="c">THE</subfield>
  </datafield>
  <datafield tag="999" ind1=" " ind2=" ">
    <subfield code="c">331762</subfield>
    <subfield code="d">331762</subfield>
  </datafield>
  <datafield tag="952" ind1=" " ind2=" ">
    <subfield code="0">2</subfield>
    <subfield code="1">0</subfield>
    <subfield code="2">ddc</subfield>
    <subfield code="4">0</subfield>
    <subfield code="6">BSCS_3_ALE</subfield>
    <subfield code="7">0</subfield>
    <subfield code="8">NFIC</subfield>
    <subfield code="9">392441</subfield>
    <subfield code="a">CL</subfield>
    <subfield code="b">CL</subfield>
    <subfield code="c">GEN</subfield>
    <subfield code="d">2017-10-24</subfield>
    <subfield code="e">NUST-SEECS</subfield>
    <subfield code="o">BSCS-3 ALE</subfield>
    <subfield code="p">SEECSP02153</subfield>
    <subfield code="r">2017-10-24</subfield>
    <subfield code="w">2017-10-24</subfield>
    <subfield code="y">PR</subfield>
  </datafield>
</record>
